<?xml version="1.0" encoding="UTF-8"?>
<record
    xmlns:xsi="http://www.w3.org/2001/XMLSchema-instance"
    xsi:schemaLocation="http://www.loc.gov/MARC21/slim http://www.loc.gov/standards/marcxml/schema/MARC21slim.xsd"
    xmlns="http://www.loc.gov/MARC21/slim">

  <leader>02377nam a22002657a 4500</leader>
  <controlfield tag="003">Uzh_bibl</controlfield>
  <controlfield tag="008">240916b        |||||||| |||| 00| 0 ukr d</controlfield>
  <datafield tag="020" ind1=" " ind2=" ">
    <subfield code="a">978-617-614-715-2</subfield>
    <subfield code="c">230.00</subfield>
  </datafield>
  <datafield tag="040" ind1=" " ind2=" ">
    <subfield code="b">&#x443;&#x43A;&#x440;.</subfield>
  </datafield>
  <datafield tag="041" ind1=" " ind2=" ">
    <subfield code="2">ukr</subfield>
    <subfield code="a">ukr</subfield>
  </datafield>
  <datafield tag="080" ind1=" " ind2=" ">
    <subfield code="a">821(477)</subfield>
  </datafield>
  <datafield tag="090" ind1=" " ind2=" ">
    <subfield code="a">821(477)</subfield>
    <subfield code="b">&#x421; 51</subfield>
  </datafield>
  <datafield tag="100" ind1=" " ind2=" ">
    <subfield code="a">&#x421;&#x43A;&#x443;&#x43B;&#x43E;&#x432;&#x430;&#x442;&#x43E;&#x432;&#x430;,&#x41E;&#x43B;&#x435;&#x43D;&#x430;</subfield>
  </datafield>
  <datafield tag="245" ind1=" " ind2=" ">
    <subfield code="a">&#x42F;&#x43A; &#x437;&#x430;&#x440;&#x43E;&#x431;&#x438;&#x442;&#x438; &#x43D;&#x430;  &#x434;&#x440;&#x43E;&#x43D;</subfield>
    <subfield code="c">&#x456;&#x43B;.&#x42E;.&#x41C;&#x430;&#x440;&#x445;&#x456;&#x448;&#x443;&#x434;</subfield>
    <subfield code="h">&#x422;&#x435;&#x43A;&#x441;&#x442;</subfield>
  </datafield>
  <datafield tag="260" ind1=" " ind2=" ">
    <subfield code="a">&#x427;&#x435;&#x440;&#x43D;&#x456;&#x432;&#x446;&#x456;</subfield>
    <subfield code="b">&#x41A;&#x43D;&#x438;&#x433;&#x438; &#x425;&#x425;&#x406;</subfield>
    <subfield code="c">2025</subfield>
  </datafield>
  <datafield tag="300" ind1=" " ind2=" ">
    <subfield code="a">208 &#x441;.</subfield>
    <subfield code="b">&#x456;&#x43B;.</subfield>
    <subfield code="f">&#x412; &#x43E;&#x43F;&#x440;.</subfield>
  </datafield>
  <datafield tag="490" ind1=" " ind2=" ">
    <subfield code="a">&#x421;&#x435;&#x440;&#x456;&#x44F;"&#x41A;&#x43B;&#x443;&#x431; &#x44E;&#x43D;&#x438;&#x445; &#x431;&#x456;&#x437;&#x43D;&#x435;&#x441;&#x43C;&#x435;&#x43D;&#x456;&#x432;"</subfield>
  </datafield>
  <datafield tag="520" ind1=" " ind2=" ">
    <subfield code="a">&#x417; &#x43F;&#x43E;&#x447;&#x430;&#x442;&#x43A;&#x43E;&#x43C; &#x43F;&#x43E;&#x432;&#x43D;&#x43E;&#x43C;&#x430;&#x441;&#x448;&#x442;&#x430;&#x431;&#x43D;&#x43E;&#x433;&#x43E; &#x432;&#x442;&#x43E;&#x440;&#x433;&#x43D;&#x435;&#x43D;&#x43D;&#x44F; &#x440;&#x43E;&#x441;&#x456;&#x44F;&#x43D; &#x420;&#x443;&#x441;&#x44F; &#x437; &#x440;&#x43E;&#x434;&#x438;&#x43D;&#x43E;&#x44E; &#x43F;&#x435;&#x440;&#x435;&#x457;&#x436;&#x434;&#x436;&#x430;&#x454; &#x434;&#x43E; &#x441;&#x435;&#x43B;&#x430;. &#x422;&#x430;&#x43C; &#x441;&#x43F;&#x43E;&#x43A;&#x456;&#x439;&#x43D;&#x43E;, &#x430;&#x43B;&#x435; &#x441;&#x443;&#x43C;&#x43D;&#x43E;. &#x41E;&#x434;&#x43D;&#x430;&#x447;&#x435; &#x457;&#x457; &#x431;&#x440;&#x430;&#x442;&#x443; &#x422;&#x430;&#x440;&#x43E;&#x432;&#x456; &#x432;&#x434;&#x430;&#x454;&#x442;&#x44C;&#x441;&#x44F; &#x43F;&#x456;&#x434;&#x2019;&#x454;&#x434;&#x43D;&#x430;&#x442;&#x438;&#x441;&#x44C; &#x434;&#x43E; &#x456;&#x43D;&#x442;&#x435;&#x440;&#x43D;&#x435;&#x442;&#x443;. &#x422;&#x430;&#x43A; &#x43F;&#x456;&#x434;&#x43B;&#x456;&#x442;&#x43A;&#x438; &#x434;&#x456;&#x437;&#x43D;&#x430;&#x44E;&#x442;&#x44C;&#x441;&#x44F;, &#x449;&#x43E; &#x457;&#x445;&#x43D;&#x456;&#x439; &#x434;&#x440;&#x443;&#x433; &#x412;&#x43B;&#x430;&#x434; &#x437;&#x431;&#x438;&#x440;&#x430;&#x454; &#x433;&#x440;&#x43E;&#x448;&#x456; &#x43D;&#x430; &#x434;&#x440;&#x43E;&#x43D; &#x434;&#x43B;&#x44F; &#x442;&#x430;&#x442;&#x430;, &#x44F;&#x43A;&#x43E;&#x433;&#x43E; &#x43C;&#x43E;&#x431;&#x456;&#x43B;&#x456;&#x437;&#x443;&#x432;&#x430;&#x43B;&#x438; &#x434;&#x43E; &#x432;&#x456;&#x439;&#x441;&#x44C;&#x43A;&#x430;.

&#x420;&#x443;&#x441;&#x44F; &#x456; &#x422;&#x430;&#x440; &#x43D;&#x435; &#x43C;&#x43E;&#x436;&#x443;&#x442;&#x44C; &#x437;&#x430;&#x43B;&#x438;&#x448;&#x430;&#x442;&#x438;&#x441;&#x44F; &#x43E;&#x441;&#x442;&#x43E;&#x440;&#x43E;&#x43D;&#x44C;. &#x407;&#x43C; &#x434;&#x43E;&#x432;&#x43E;&#x434;&#x438;&#x442;&#x44C;&#x441;&#x44F; &#x432;&#x438;&#x43D;&#x430;&#x445;&#x43E;&#x434;&#x438;&#x442;&#x438; &#x43D;&#x43E;&#x432;&#x456; &#x441;&#x43F;&#x43E;&#x441;&#x43E;&#x431;&#x438; &#x437;&#x430;&#x440;&#x43E;&#x431;&#x456;&#x442;&#x43A;&#x443;. &#x414;&#x43E;&#x43F;&#x43E;&#x43C;&#x430;&#x433;&#x430;&#x454; &#x432; &#x446;&#x44C;&#x43E;&#x43C;&#x443; &#x457;&#x445;&#x43D;&#x44F; &#x43F;&#x43E;&#x434;&#x440;&#x443;&#x433;&#x430; &#x41D;&#x430;&#x442;. &#x412;&#x43E;&#x43D;&#x430; &#x432;&#x438;&#x457;&#x445;&#x430;&#x43B;&#x430; &#x437; &#x434;&#x456;&#x434;&#x443;&#x441;&#x435;&#x43C; &#x434;&#x43E; &#x41D;&#x456;&#x43C;&#x435;&#x447;&#x447;&#x438;&#x43D;&#x438;, &#x430;&#x43B;&#x435; &#x441;&#x43F;&#x440;&#x430;&#x432;&#x436;&#x43D;&#x456;&#x439; &#x434;&#x440;&#x443;&#x436;&#x431;&#x456; &#x432;&#x456;&#x434;&#x441;&#x442;&#x430;&#x43D;&#x44C; &#x43D;&#x435; &#x437;&#x430;&#x432;&#x430;&#x434;&#x430;.

&#x41D;&#x43E;&#x432;&#x456; &#x432;&#x438;&#x43A;&#x43B;&#x438;&#x43A;&#x438;, &#x43D;&#x43E;&#x432;&#x456; &#x437;&#x43D;&#x430;&#x439;&#x43E;&#x43C;&#x441;&#x442;&#x432;&#x430;, &#x43D;&#x435;&#x43E;&#x447;&#x456;&#x43A;&#x443;&#x432;&#x430;&#x43D;&#x456; &#x437;&#x443;&#x441;&#x442;&#x440;&#x456;&#x447;&#x456; &#x2014; &#x443;&#x441;&#x435; &#x446;&#x435; &#x447;&#x435;&#x43A;&#x430;&#x454; &#x43D;&#x430; &#x41A;&#x43B;&#x443;&#x431; &#x44E;&#x43D;&#x438;&#x445; &#x431;&#x456;&#x437;&#x43D;&#x435;&#x441;&#x43C;&#x435;&#x43D;&#x456;&#x432;. &#x406;, &#x437;&#x432;&#x456;&#x441;&#x43D;&#x43E;, &#x431;&#x430;&#x433;&#x430;&#x442;&#x43E; &#x43D;&#x43E;&#x432;&#x438;&#x445; &#x437;&#x43D;&#x430;&#x43D;&#x44C; &#x437; &#x435;&#x43A;&#x43E;&#x43D;&#x43E;&#x43C;&#x456;&#x43A;&#x438; &#x442;&#x430; &#x431;&#x456;&#x437;&#x43D;&#x435;&#x441;&#x443;.

&#x41A;&#x43D;&#x438;&#x436;&#x43A;&#x430; &#xAB;&#x42F;&#x43A; &#x437;&#x430;&#x440;&#x43E;&#x431;&#x438;&#x442;&#x438; &#x43D;&#x430; &#x434;&#x440;&#x43E;&#x43D;&#xBB; &#x2014; &#x43F;&#x440;&#x43E;&#x434;&#x43E;&#x432;&#x436;&#x435;&#x43D;&#x43D;&#x44F; &#x435;&#x43A;&#x43E;&#x43D;&#x43E;&#x43C;&#x456;&#x447;&#x43D;&#x43E;&#x457; &#x43F;&#x43E;&#x432;&#x456;&#x441;&#x442;&#x456; &#xAB;&#x42F;&#x43A; &#x437;&#x430;&#x440;&#x43E;&#x431;&#x438;&#x442;&#x438; &#x43D;&#x430; &#x43A;&#x430;&#x43D;&#x456;&#x43A;&#x443;&#x43B;&#x430;&#x445;&#xBB;, &#x43F;&#x440;&#x43E;&#x442;&#x435; &#x457;&#x457; &#x43C;&#x43E;&#x436;&#x43D;&#x430; &#x447;&#x438;&#x442;&#x430;&#x442;&#x438; &#x44F;&#x43A; &#x441;&#x430;&#x43C;&#x43E;&#x441;&#x442;&#x456;&#x439;&#x43D;&#x438;&#x439; &#x442;&#x432;&#x456;&#x440;. &#x414;&#x436;&#x435;&#x440;&#x435;&#x43B;&#x43E;: https://nashformat.ua/products/yak-zarobyty-na-dron-955018</subfield>
  </datafield>
  <datafield tag="521" ind1=" " ind2=" ">
    <subfield code="a">&#x414;&#x43B;&#x44F; &#x434;&#x456;&#x442;&#x435;&#x439; &#x442;&#x430; &#x44E;&#x43D;&#x430;&#x446;&#x442;&#x432;&#x430;</subfield>
  </datafield>
  <datafield tag="546" ind1=" " ind2=" ">
    <subfield code="a">&#x443;&#x43A;&#x440;.</subfield>
  </datafield>
  <datafield tag="650" ind1=" " ind2=" ">
    <subfield code="a">&#x41B;&#x456;&#x442;&#x435;&#x440;&#x430;&#x442;&#x443;&#x440;&#x43D;&#x43E;-&#x445;&#x443;&#x434;&#x43E;&#x436;&#x43D;&#x435; &#x432;&#x438;&#x434;&#x430;&#x43D;&#x43D;&#x44F;</subfield>
  </datafield>
  <datafield tag="653" ind1=" " ind2=" ">
    <subfield code="a">&#x41F;&#x456;&#x434;&#x43B;&#x456;&#x442;&#x43A;&#x438;</subfield>
    <subfield code="a">&#x411;&#x456;&#x437;&#x43D;&#x435;&#x441;</subfield>
    <subfield code="a">&#x41F;&#x440;&#x438;&#x431;&#x443;&#x442;&#x43E;&#x43A;</subfield>
    <subfield code="a">&#x420;&#x43E;&#x437;&#x432;&#x438;&#x442;&#x43E;&#x43A;</subfield>
  </datafield>
  <datafield tag="655" ind1=" " ind2=" ">
    <subfield code="v">&#x435;&#x43A;&#x43E;&#x43D;&#x43E;&#x43C;&#x456;&#x447;&#x43D;&#x430; &#x43F;&#x43E;&#x432;&#x456;&#x441;&#x442;&#x44C;</subfield>
  </datafield>
  <datafield tag="942" ind1=" " ind2=" ">
    <subfield code="2">udc</subfield>
    <subfield code="c">BK</subfield>
  </datafield>
  <datafield tag="999" ind1=" " ind2=" ">
    <subfield code="c">17774</subfield>
    <subfield code="d">17774</subfield>
  </datafield>
  <datafield tag="952" ind1=" " ind2=" ">
    <subfield code="0">0</subfield>
    <subfield code="1">0</subfield>
    <subfield code="2">udc</subfield>
    <subfield code="4">0</subfield>
    <subfield code="7">0</subfield>
    <subfield code="a">MBdD</subfield>
    <subfield code="b">MBdD</subfield>
    <subfield code="d">2026-04-23</subfield>
    <subfield code="e">&#x41F;&#x43E;&#x434;&#x430;&#x440;&#x43E;&#x432;&#x430;&#x43D;&#x456;</subfield>
    <subfield code="i">80976</subfield>
    <subfield code="l">0</subfield>
    <subfield code="o">821(44)</subfield>
    <subfield code="p">19379</subfield>
    <subfield code="r">2026-05-15</subfield>
    <subfield code="w">2026-05-15</subfield>
    <subfield code="y">BK</subfield>
  </datafield>
</record>
